30 biggest cities in Washington - Statistics

General Stats
  • This quiz has been taken 40 times
  • The average score is 20 of 30
Answer Stats
Population City % Correct
55,733 Olympia
94%
755,078 Seattle
94%
151,574 Bellevue
91%
229,447 Spokane
91%
222,906 Tacoma
91%
196,442 Vancouver
91%
97,701 Federal Way
84%
94,720 Bellingham
81%
111,180 Everett
81%
133,378 Kent
78%
108,235 Spokane Valley
78%
96,750 Yakima
75%
85,158 Kennewick
72%
80,280 Redmond
72%
80,038 Pasco
69%
104,491 Renton
69%
83,870 Auburn
63%
63,757 Richland
63%
91,194 Kirkland
59%
42,179 Puyallup
59%
45,450 Bremerton
56%
72,916 Marysville
56%
62,303 Lakewood
53%
50,730 Burien
50%
58,326 Lacey
50%
65,116 Sammamish
50%
61,353 Shoreline
47%
50,213 Bothell
41%
43,867 Lynnwood
41%
42,701 Edmonds
38%
No matching quizzes found
Score Distribution
Percent of People with Each Score
Percentile by Number Answered
Your Score History
You have not taken this quiz